00846cam a2200277 a 450000100060000000300080000600500170001400800390003102000220007003500190009204000320011104100080014308200260015110000190017724500540019626000330025030000210028350000680030450000200037265000440039265000290043665000200046565100230048565500330050865500270054120730BD-RjUL20211209000613.0140302s1961 enk 000 1 eng a0452255899 (pbk.) a(BD-RjUL)20792 aDLCcDLCdDLCdBD-RjULbeng aeng00a823.914219bSPP 19611 aSpark, Muriel.14aThe prime of Miss Jean Brodie /cby Muriel Spark. aLondon :bMacmillan,cc1961. a171 p. ;c21 cm. aReprint. Originally published: New York : Dell Pub. Co., c1961. a"A Plume book." 0aTeacher-student relationshipsvFiction. 0aWomen teachersvFiction. 0aGirlsvFiction. 0aScotlandvFiction. 7aPsychological fiction.2lcsh 7aBildungsromans.2gsafd